Audítorstvo

Salvato in:
Dettagli Bibliografici
Autore principale: Kareš, Ladislav
Natura: Libro
Lingua:slovacco
Pubblicazione: Bratislava Elita 1998
Soggetti:
Tags: Aggiungi Tag
Nessun Tag, puoi essere il primo ad aggiungerne!!

MARC

LEADER 00000nam a2200000 4500
001 c104100
005 20221123132539.1
020 |a 80-8044-055-7 
041 0 |a slo 
044 |a SK 
245 1 0 |a Audítorstvo  |c Ladislav Kareš 
264 1 |a Bratislava  |b Elita  |c 1998 
300 |a 278 s. 
610 2 0 |a audit 
610 2 0 |a audítori 
610 2 0 |a audítorstvo 
610 2 0 |a výkazy účtovné 
610 2 0 |a normy právne 
100 1 |a Kareš, Ladislav